Odgadnij piosenkę Quebonafide po emoji - Statystyki

Ogólne statystyki
  • Ten quiz został rozwiązany 28 razy
  • Średni wynik to 7 z 12
Statystyki odpowiedzi
Emoji Piosenka % Poprawnych
8️⃣👩 8 kobiet
96%
🍁🍂 JESIEŃ
92%
🔪 Nóż
84%
❓❓❓ Znaki zapytania
84%
🇲🇬 🐧🐧🐧🐧 Madagaskar
68%
❤️ Love
60%
🥛🍯 Mleko & Miód
52%
⛓️🛏️😈 BDSM
48%
🧑🌙 CZŁOWIEKZKSIĘŻYCA
40%
⛈️➡️☀️ PO BURZY WYJDZIE SŁOŃCE
16%
🟡🌍🌍 ZŁOTEGLOBY
16%
🎵🌴 Muzyka dżungli
0%
Nie znaleziono quizów pasujących do podanych kryteriów
Rozkład punktacji
Procent ludzi z każdym wynikiem
Percentyl według liczby udzielonych odpowiedzi
Twoja historia wyników
Nie rozwiązałeś tego quizu